000 01306nam a2200241Ia 4500
003 Ost
005 20260507075749.0
008 260507s9999||||xx |||||||||||||| ||und||
020 _a9789931140832
040 _cfsecg
041 _aara
082 _a332.42
100 _aبن عبد العزيز، سمير
_eمؤلف
245 0 _aسياسات إدارة مخاطر سعر الصرف مع أسئلة تقييمية وإجابة نموذجية /
_c سمير بن عبد العزيز
260 _aالجزائر:
_bدار أجيال الرقمي ,
_c2024
300 _a160 صفحة؛
_bإيضاحات ؛
_c24 سم
504 _aبيبليوغرافيا: ص ص.149-156
520 _aيحتوي الكتاب على أربعة محاور ، فالمحور الأول يضم مفاهيم عامة لسعر الصرف وسوق الصرف، والثاني يتحدث عن أنظمة الصرف والنظريات المحددة لسعر الصرف أما الثالث والرابع فيضم ساسات ومخاطر سعر الصرف وتقنيات تغطية مخاطر سعر الصرف بما فيها أسئلة تقييمية وإجابات نموذجية .
653 _aإدارة المخاطر
653 _aالأسواق المالية
653 _aسعر الصرف
942 _cكتاب
999 _c46218
_d46218